|
|
|
|
| LEADER |
00628nam a22001931a 4500 |
| 020 |
|
|
|a 9788189482053
|c 0.00
|
| 040 |
|
|
|a SSUS - Library - Kalady
|
| 082 |
|
|
|a S1
|b DIN/C
|
| 100 |
|
|
|a Dinesh Chandra Awasthi
|
| 245 |
|
|
|a Chalukya raj ayyan vamsh charit kavyam
|h [Text]
|
| 260 |
|
|
|a Gajiyavad
|b Aakash
|c 2005
|
| 300 |
|
|
|a 192p.
|
| 600 |
|
|
|a Literature
|
| 600 |
|
|
|a Epic Poetry Sanskrit
|
| 600 |
|
|
|a Literature Sanskrit
|
| 852 |
|
|
|h S1
|i DIN/C
|p 056333
|9 225.00
|t 0
|
| 942 |
|
|
|c BK
|
| 999 |
|
|
|c 6948
|d 6948
|
| 952 |
|
|
|0 0
|1 0
|4 0
|6 S_1_000000000000000_DIN_C
|7 0
|9 10465
|a SSUS
|b SSUS
|d 2015-01-08
|g 225.00
|o S1 DIN/C
|p 056333
|r 2015-01-08
|v 0.00
|w 2015-01-08
|y BK
|